00805nam a2200169 a 450000100100000000500170001000800410002704000250006808200190009324500850011226000390019730000200023650000440025695201170030095202010041799900170061800004473020201002045601.0150108s2007 dr 000 0 spa d aDO-SdBNPbspacBNPHU axxxxxxbxxxxxx00aCoyuntura política nacionale internacional y táctica política del PTD, ML. aSanto Domingo :bMediabyte,c2007. a49 p. ;c21 cm. aResoluciones del VIII Congreso Nacional 0010718PDaPDbPDcHDd2015-01-08iLF1l0oxxxxxx xxxxxxp44730-10r2020-06-25w2020-06-25yLFPDZNo se presta 0010718PDaPDbPDcHDd2015-06-26iLF1l0oxxxxxx xxxxxxp44730-20r2020-06-25te. 2w2020-06-25yLFPDzPerteneció a la biblioteca personal de Chiqui Vicioso / Fidelio Despradel.ZNo se presta c44219d44219